MARC

LEADER 00000nam0a2200000 4500
001 299606
005 20231102001223.0
020 |a RU  |b 80-92500 
035 |a (RuTPU)RU\TPU\book\324758 
090 |a 299606 
100 |a 20150630d1980 km y0rusy5003 ca 
101 0 |a rus 
102 |a RU 
105 |a a z 001zy 
200 1 |a Охрана труда в студенческих отрядах  |f Московский государственный университет им. М. В. Ломоносова (МГУ) ; под ред. О. И. Новикова 
210 |a Москва  |c Изд-во МГУ  |d 1980 
215 |a 166 с.  |c ил. 
300 |a Авт. указаны на обороте тит. л. 
320 |a Библиогр.: с. 164 
606 1 |a Студенческие отряды строительные  |2 stltpush  |3 (RuTPU)RU\TPU\subj\57973  |9 75818 
610 1 |a охрана труда 
610 1 |a трудовое законодательство 
610 1 |a производственная санитария 
610 1 |a бытовые условия 
610 1 |a требования 
610 1 |a техника безопасности 
610 1 |a противопожарная безопасность 
610 1 |a сельскохозяйственные работы 
610 1 |a строительные работы 
686 |a Ч481.43  |2 rubbk 
702 1 |a Новиков  |b О. И.  |4 340 
712 0 2 |a Московский государственный университет им. М. В. Ломоносова (МГУ)  |2 stltpush  |3 (RuTPU)RU\TPU\col\7 
801 0 |a RU  |b RuMRKP  |c 19950704  |g psbo 
801 1 |a RU  |b 63413507  |c 20150630 
801 2 |a RU  |b 63413507  |c 20220415  |g RCR 
942 |c BK